| 000 | 00612nam a2200205 a 4500 | ||
|---|---|---|---|
| 001 | 000014433 | ||
| 005 | 20200929163842.0 | ||
| 008 | 091214s1969 sp 000 f spa d | ||
| 040 |
_aDO-SdBNP _bspa _cBNPHU |
||
| 082 |
_a863.64 _bT866i |
||
| 100 | 1 |
_aTrulock, Jorge C., _932562 |
|
| 245 | 1 | 0 |
_aInventario base / _cJorge C. Trulock. |
| 260 |
_aMadrid ; _aBarcelona : _bAlfaguara, _c1969. |
||
| 300 |
_a273 p. ; _c21 cm. |
||
| 490 | 1 |
_aAlfaguara Literaria _v25 |
|
| 650 | 4 |
_aNovela espaƱola _91123 |
|
| 650 | 4 |
_aLiteratura espaƱola _ySIGLO XX _93326 |
|
| 830 | 0 |
_aAlfaguara Literaria ; _v25 _96747 |
|
| 049 | _aBNGR | ||
| 999 |
_c14023 _d14023 |
||